It looks like you're offline.
Open Library logo
additional options menu

MARC record from Internet Archive

LEADER: 01740cam 2200517 a 4500
001 ocm07554641
003 OCoLC
005 20101130163846.0
008 810430s1981 nyua j 001 0 eng
010 $a 81007479
040 $aDLC$cDLC$dBAKER$dBTCTA$dYDXCP$dOCLCG
020 $a0531043320
020 $a9780531043325
035 $a(OCoLC)7554641
042 $alcac
043 $ae------
050 00 $aD522$b.S65 1981
082 00 $a940.3$219
100 1 $aSnyder, Louis L.$q(Louis Leo),$d1907-1993.
245 10 $aWorld War I /$cby Louis L. Snyder.
250 $aRev. ed.
260 $aNew York :$bF. Watts,$c1981.
300 $a90 p. :$bill. ;$c23 cm.
490 0 $aA First book
500 $aIncludes index.
520 $aSpotlights the important events and people of World War I.
650 0 $aWorld War, 1914-1918$xJuvenile literature.
650 1 $aWorld War, 1914-1918.
938 $aBaker & Taylor$bBKTY$c10.40$d10.40$i0531043320$n0000331562$sactive
938 $aBaker and Taylor$bBTCP$n81007479
938 $aYBP Library Services$bYANK$n474037
952 $a7554641$zDLC$bLIBRARY OF CONGRESS$hFull$iLCC$kDDC$nSummary$plcac$u20100630
952 $a131804897$zJTC$bSHASTA PUB LIBR$hOther$iLCC$kDDC$nSummary$u20100628
952 $a135754032$zUBY$bBRIGHAM YOUNG UNIV LIBR$hFull$iLCC$kDDC$nSummary$u20100728
029 1 $aNZ1$b5037727
029 1 $aAU@$b000002004257
029 1 $aUNITY$b037892002
029 1 $aCOVCL$b0531043320
029 1 $aUKLBB$b0531043320
029 1 $aUKELG$b0531043320
029 1 $aUKHCC$b0531043320
029 1 $aUKSCO$b0531043320
029 1 $aUKDGL$b0531043320
029 1 $aUKWCC$b0531043320
994 $aZ0$bPMR
948 $hNO HOLDINGS IN PMR - 793 OTHER HOLDINGS